Earnings Prediction

Zverejňovanie štvrťročných výsledkov verejne obchodovaných spoločností môže mať významný vplyv na ohodnotenie ich akcií. Týka sa to najmä ohodnotenia akcií, či je správne, a zároveň predikcie celkových ročných finančných výsledkov. Je možné predpovedať zisk na akciu (EPS) na základe štvrťročných čis...

Descrizione completa

Salvato in:
Dettagli Bibliografici
Autore principale: Kmeťko, Miroslav, 1969-
Altri autori: Bikár, Miloš, 1973-
Natura: Capitolo di libro
Lingua:inglese
Soggetti:
Tags: Aggiungi Tag
Nessun Tag, puoi essere il primo ad aggiungerne!!

MARC

LEADER 00000naa$a2200000$$$4500
001 0314343
005 20260327082255.8
041 0 |a eng 
044 |a SK 
245 1 0 |a Earnings Prediction  |c Miroslav Kmeťko, Miloš Bikár 
520 |a Zverejňovanie štvrťročných výsledkov verejne obchodovaných spoločností môže mať významný vplyv na ohodnotenie ich akcií. Týka sa to najmä ohodnotenia akcií, či je správne, a zároveň predikcie celkových ročných finančných výsledkov. Je možné predpovedať zisk na akciu (EPS) na základe štvrťročných čistých ziskov spoločností v USA, alebo sa môžeme spoľahnúť na predpovede ziskov externých analytikov? Na základe historických údajov od prvého štvrťroka 2021 do druhého štvrťroka 2025 sme analyzovali percentuálne odchýlky skutočných výsledkov od očakávaní piatich najväčších amerických spoločností podľa trhovej kapitalizácie. Na analýzu vzťahu medzi ziskami vybraných spoločností a celkovými ziskami spoločností v USA sme použili korelačný koeficient percentuálnych zmien ziskov. 
610 2 0 |a ekonómia 
610 2 0 |a manažment 
610 2 0 |a podnikanie 
610 2 0 |a digitalizácia 
610 2 0 |a financie 
100 1 |a Kmeťko, Miroslav, 1969- 
700 1 |a Bikár, Miloš, 1973-